Statistics for (Airlines) MCDonnell Douglas DC-8 operators

Click here to take the quiz!

General Stats

  • This quiz has been taken 83 times
    (16 since last reset)
  • The average score is 27 of 169

Answer Stats

HintAnswer% Correct
United StatesDelta
100%
CanadaAir Canada|Trans Canada|TCA
91%
United StatesUnited
91%
AustriaAustrian
82%
FranceAir France
73%
NetherlandsKLM
73%
Scandinavia (Denmark, Sweden and Norway)SAS Scandinavian|SAS|Scandinavian Airlines System
73%
MexicoAeronaves de Mexico|Aeromexico
64%
JamaicaAir Jamaica
64%
ItalyAlitalia
64%
FinlandFinnair
64%
PolandLOT
64%
GermanyLufthansa
64%
United StatesPan Am
64%
SwitzerlandSwissair
64%
New ZealandAir New Zealand|TEAL
55%
CanadaCanadian|Canadian Pacific|CP AIr
55%
SpainIberia
55%
JapanJapan Airlines
55%
BrasilVarig
55%
IndiaAir India
45%
CubaCubana
45%
IcelandIcelandair
45%
South KoreaKorean Air
45%
PeruAeronaves del Peru|Aero Peru
36%
LuxembourgCargolux
36%
United StatesFederal Express|Fed Ex
36%
IndonesiaGaruda
36%
United StatesHawaiian
36%
MexicoMexicana
36%
Congo Free StateAir Congo
27%
Cayman IslandsCayman Airways
27%
GhanaGhana Airways
27%
NetherlandsMartinair
27%
PhilippinesPhilippine Airlines|Philippines Airlines
27%
SurinameSurinam Airways
27%
MexicoTranspotacion Aerea Mexicana|TAM
27%
United StatesUnited Parcel Service|UPS
27%
BrasilVASP
27%
Panama | United StatesArrow Air
18%
United StatesBraniff
18%
CyprusCyprus Airways
18%
FinlandKar-Air
18%
ParaguayLineas Aereas Paraguayas|LAP
18%
CanadaNationair
18%
United StatesNorthwest
18%
Canada (Quebec)Quebecair
18%
SpainSPANTAX
18%
United StatesWorld
18%
ZambiaZambia Airways
18%
United StatesABX|Airborne Express
9%
PeruAerolineas Peruanas|APSA
9%
UruguayAerolineas Uruguayas|Aerouruguay
9%
MexicoAeropostal Cargo de Mexico
9%
Cote d' IvoreAir Afrique
9%
CanadaAir Canada Cargo
9%
Central African RepublicAir Centrafrique
9%
Sri Lanka (Ceylon)Air Ceylon
9%
Ghana | United StatesAirlift International
9%
United States (Marshall Islands)Air Marshall Islands
9%
PanamaAir Panama
9%
SpainAir Spain
9%
SwedenAir Sweden|Time Air Sweden
9%
United StatesAir Transport International|ATI
9%
SwitzerlandBalair
9%
United StatesCapitol|Capitol International Airways
9%
SpainCargosur
9%
GermanyCondor
9%
United StatesEastern
9%
United StatesEmery
9%
United StatesEvergreen
9%
PeruFaucett
9%
United StatesFlying Tiger Line|Flying Tigers
9%
GermanyGerman Cargo
9%
GhanaJohnson's Air
9%
ChileLan Chile Cargo|Lan Cargo|LATAM Cargo
9%
IcelandLoftleidir
9%
GermanyLufthansa Cargo
9%
FranceMinerve
9%
CanadaMinerve Canada
9%
United StatesNational
9%
UruguayPLUNA
9%
BelgiumPomair
9%
United StatesRich
9%
United StatesSamaritan's Purse
9%
SwitzerlandSATA|Societe Anonyme de Transports Aerien Geneve
9%
FinlandSpear Air
9%
DenmarkSterling
9%
GermanySudflug
9%
United StatesTrans International|Transamerica|TIA|TAA
9%
FranceTransports Aeriens Intercontinentaux|TIA
9%
LibyaUnited African
9%
United StatesUniversal
9%
FranceUTA
9%
VenezuelaVIASA
9%
United StatesWien
9%
CanadaWorldways
9%
ItalyAeral
0%
MexicoAeroleon
0%
FranceAeromaritime
0%
IrelandAer Turas
0%
Swaziland (Eswatini)African International Airlines
0%
KenyaAfrican Safari
0%
South AfricaAIA|African International Airways
0%
SpainAir Cargo Spain
0%
GhanaAir Charter Express
0%
FranceAir d' Evasions
0%
United StatesAmerican Flyers Airline
0%
United StatesAmerican International Airways|Kalitta Air
0%
PeruAPISA
0%
United StatesAstar Air Cargo
0%
GermanyAtlantis
0%
SpainAviaco
0%
United StatesBAX|Burlington Air Express
0%
BelgiumBelgian International Air Services
0%
BrasilBETA Cargo
0%
TurkeyBirgenair
0%
United Arab EmiratesBravo Cargo Services
0%
SwedenBrisair
0%
United KingdomBritish Cargo Airlines
0%
BelgiumCargolion
0%
United StatesChallenge Air Cargo
0%
SpainCygnus Air
0%
BelgiumDelta AIr Transport
0%
Sri LankaExpo Aviation|FitsAir
0%
ChileFast Air
0%
United StatesFlagship Express
0%
United StatesGulf Air|Gulf Air (USA)|Gulf Air Transport
0%
Democratic Republic of the CongoHewa Bora
0%
United KingdomiAS Cargo
0%
PanamaINAIR Panama|International Air Panama
0%
SwedenInterswede
0%
JapanJapan Asia Airways
0%
Democratic Republic of the CongoKinshasa Airways
0%
LiberiaLiberia World Airways
0%
MaldivesMaldives Airways
0%
GhanaMeridian Airways
0%
United StatesMGM Grand Air
0%
GhanaMK
0%
United StatesNational Cargo
0%
CanadaNordair
0%
United StatesOverseas National Airways|ONA
0%
United StatesPacific East Air
0%
United StatesPanagra
0%
BrasilPanair do Brasil
0%
FrancePoint Air
0%
CanadaPoints of Call Airlines
0%
KenyaRibway Cargo
0%
SingaporeSaber Air
0%
United StatesSaturn
0%
DenmarkScanair
0%
United StatesSeaboard World
0%
United StatesSkybus Cargo
0%
BrasilSkymaster
0%
United StatesSouthern Air Transport
0%
New ZealandSouthern World Airlines
0%
CanadaSwiftair Cargo
0%
ColombiaTAMPA
0%
Democratic Republic of the CongoTrans Air Cargo Service
0%
United StatesTrans Caribbean
0%
United StatesTrans Continental
0%
IrelandTranslift
0%
United KingdomTransmeridian Air Cargo
0%
BrasilTransportes Charter do Brasil
0%
NigeriaTrans Sahel Airlines
0%
FranceUnion Aeromaritime de Transport|UAT
0%
United StatesZantop
0%

Score Distribution

Percentile by Number Answered

Percent of People with Each Score

Your Score History

You have not taken this quiz since the last reset